000 01211nam a2200277 c 4500
999 _c343230
_d343230
003 BLK
005 20201001100832.0
008 180911b bul|||||r ||||||| ||bul||
010 _a002891
040 _aBLK
041 _aBUL
_cBUL
080 _z914.972
100 1 _aЯнков, Г.
_9396931
245 0 0 _a[Съчинения]
_nКн. 1. Пътеписи : С кратки истор. сведения и спомени
246 _aКн. 1 -
_i
260 _aСофия
_c1939 -
_fпеч. Воен.-изд. фонд
_g1939
300 _a344 с. : с ил
_c20 см
380 _a91
490 _aЧастна колекция - Академик Михаил Арнаудов
_gДарение - Основен фонд
490 _aСъчинения
_9399811
_cЯНКОВ, Тодор
500 _aАвтограф с текст: На многоуважаемия проф. М. Арнаудов за приятелски спомен. Д-р Т. Янков София юлий 1939 г.
655 _aбългарска география
_9396199
700 1 _aТодор Янков
_9399242
852 _aМА 2827
_bМА
942 _cKNG
_n0
_s1
944 _aCR
_c1994
999 _d343230
999 _d343230
999 _d343230